40 figuras históricas - Statistics

Estatísticas Gerais
  • Esse quiz foi jogado 607 vezes
    606 desde o último reset
  • A pontuação média é 19 de 40
Estatísticas das Respostas
# Dica Pessoa % Correto
7 Pintor da Monalisa Leonardo da Vinci
92%
4 Messias Cristão Jesus
91%
2 Primeiro Presidente Brasileiro Deodoro da Fonseca
80%
36 Líder alemão da 2ª Guerra Adolf Hitler
76%
13 Téorico da Evolução das Espécies Charles Darwin
75%
1 Primeiro Presidente dos EUA George Washington
74%
9 Descobriu o Novo Mundo Cristóvão Colombo
70%
11 Mártir da Inconfidência Mineira Tiradentes
70%
25 Descobridor da Gravidade Isaac Newton
68%
34 Imperador Francês, 1804-1815 Napoleão
63%
21 Primeiro homem na Lua Neil Armstrong
62%
15 Líder do Movimento de Independência da Índia Mahatma Gandhi
58%
18 Autor do discurso "Eu tenho um sonho" Martin Luther King
58%
26 Primeiro Líder Soviético Vladimir Lenin
58%
27 Fundador do Islamismo Maomé
57%
35 Escreveu Dom Casmurro Machado de Assis
53%
22 Líder da Reforma Protestante Martinho Lutero
53%
12 Líder macedônio que conquistou a Pérsia Alexandre, O Grande
52%
8 Líder da Revolução Chinesa Mao Tsé-Tung
52%
17 Líder francesa da Guerra dos 100 anos. Joana d'Arc
48%
14 Escreveu Hamlet William Shakespeare
48%
32 Autor de A Ilíada Homero
44%
5 Compositor da Sonata ao Luar Ludwig Beethoven
44%
38 Inventor da Lâmpada Thomas Edison
44%
28 Primeiro Ministro britânico durante a 2ª Guerra Winston Churchill
44%
16 Líder da Independência da América Espanhola Simón Bolívar
37%
20 Deu o golpe Militar Humberto Castelo Branco
35%
24 Autor de O Auto da Compadecida Ariano Suassuna
34%
19 Presidente da política New Deal Franklin Roosevelt
33%
29 Escreveu Orgulho e Preconceito Jane Austen
33%
10 Primeira Primeira Ministra do Reino Unido Margaret Thatcher
31%
3 Morto esfaqueado 23 vezes nos Idos de Março Júlio César
25%
31 Seu casamento com Henrique VIII fundo a Igreja Anglicana Ana Bolena
23%
6 Inventor da Prensa Móvel Johannes Gutenberg
22%
39 Navegador que viajou pela China Marco Polo
17%
37 Destruiu o império Asteca Hernán Cortés
13%
30 Lorde protetor da Inglaterra, 1653-1658 Oliver Cromwell
9%
33 Aviadora que desapareceu no Pacífico Amelia Earhart
7%
40 Cartaginês considerado maior estrategista da História Aníbal Barca
7%
23 Escreveu Grandes Esperanças Charles Dickens
5%
Nenhum quiz correspondente encontrado
Distribuição das Pontuações
Porcentagem de Pessoas com Cada Pontuação
Percentil de Números Respondidos
Sua Pontuação Histórica
Você não jogou esse quiz desde o último reset